[Event "N1 Reykjavik Open 2014"]
[Site "Reykjavik ISL"]
[Date "2014.03.05"]
[Round "2.2"]
[White "Khademalsharieh, Sarasadat"]
[Black "Berkes, Ferenc"]
[Result "0-1"]
[WhiteTitle "WGM"]
[BlackTitle "GM"]
[WhiteElo "2294"]
[BlackElo "2687"]
[WhiteFideId "12512214"]
[BlackFideId "718572"]
[EventDate "2014.03.04"]

1. d4 Nf6 2. Nf3 g6 3. c4 Bg7 4. g3 O-O 5. Bg2 d6 6. O-O Nbd7 7. Nc3 e5 8. e4 c6
9. h3 exd4 10. Nxd4 Qb6 11. Nc2 Nc5 12. Rb1 Re8 13. Re1 Ng4 14. hxg4 Bxc3 15.
Re3 Bg7 16. b3 Be6 17. Ba3 Rad8 18. Bb4 Nd7 19. Qe1 Qa6 20. Bxd6 Ne5 21. Nb4 Qa5
22. c5 Nxg4 23. Re2 Be5 24. Bxe5 Nxe5 25. Rc1 Qc7 26. f4 a5 27. fxe5 axb4 28.
Qxb4 Bg4 29. Rd2 Qxe5 30. Rxd8 Rxd8 31. Qc3 Rd1+ 32. Kf2 Qxc3 33. Rxc3 Rd2+ 34.
Kg1 Rxa2 35. Bf1 Kf8 36. Bc4 Rb2 37. Rc1 Ke7 38. Ra1 Be6 0-1

[Event "N1 Reykjavik Open 2014"]
[Site "Reykjavik ISL"]
[Date "2014.03.05"]
[Round "2.3"]
[White "Rapport, Richard"]
[Black "Pajeken, Wolfgang"]
[Result "1-0"]
[WhiteTitle "GM"]
[BlackTitle "FM"]
[WhiteElo "2681"]
[BlackElo "2308"]
[WhiteFideId "738590"]
[BlackFideId "4622170"]
[EventDate "2014.03.04"]

1. Nc3 d5 2. d4 Nf6 3. Bf4 Bf5 4. e3 e6 5. Nf3 Be7 6. Ne5 h6 7. g4 Bh7 8. Bd3 c6
9. Bxh7 Nxh7 10. Qf3 Rf8 11. O-O-O Nd7 12. Kb1 Nxe5 13. Bxe5 f6 14. Bg3 Ng5 15.
Qe2 Bb4 16. Nb5 Rf7 17. a3 Bf8 18. Nc3 Qa5 19. Qd2 Rd7 20. h4 Nf7 21. Qd3 O-O-O
22. Ne2 Bd6 23. Nf4 e5 24. Ne6 e4 25. Qb3 Rg8 26. c4 Bxg3 27. fxg3 dxc4 28. Qxc4
Qd5 29. Rc1 Qxc4 30. Rxc4 Re7 31. Nf4 g5 32. Nd5 Re6 33. Rf1 gxh4 34. gxh4 Rxg4
35. Nxf6 Rxh4 36. d5 Re5 37. dxc6 Nd6 38. Rd4 Rf5 39. cxb7+ Kxb7 40. Rb4+ Kc6
41. Rc1+ Rc5 42. Rd1 Nc4 43. Nd7 Nxe3 44. Nb8+ Kc7 45. Rd7+ Kc8 46. Rh7 Rh1+ 47.
Ka2 Ra1+ 48. Kb3 a5 49. Rh8+ Kc7 50. Na6+ Kd6 51. Rb6+ 1-0

[Event "N1 Reykjavik Open 2014"]
[Site "Reykjavik ISL"]
[Date "2014.03.05"]
[Round "2.4"]
[White "Vaarala, Eric"]
[Black "Amin, Bassem"]
[Result "0-1"]
[BlackTitle "GM"]
[WhiteElo "2285"]
[BlackElo "2657"]
[WhiteFideId "1711962"]
[BlackFideId "10601457"]
[EventDate "2014.03.04"]

1. c4 e5 2. Nc3 d6 3. g3 f5 4. Bg2 Nf6 5. d3 g6 6. e3 Bg7 7. Nge2 O-O 8. O-O c6
9. Rb1 Be6 10. b3 d5 11. d4 e4 12. Ba3 Re8 13. cxd5 cxd5 14. Na4 b6 15. Qd2 Na6
16. Rfc1 Nc7 17. Rc2 Nb5 18. Bb2 Bf8 19. Nec3 Nc7 20. Bf1 Qd7 21. Rbc1 g5 22.
Qe2 Bd6 23. Nb1 f4 24. Ba3 Bg4 25. Qe1 Ne6 26. Bxd6 Qxd6 27. Nbc3 Qf8 28. Nb5
Qh6 29. Nc7 Nxc7 30. Rxc7 Bd7 31. Nc3 Rad8 32. Nd1 Ng4 33. h3 Nf6 34. Rxa7 f3
35. Rxd7 Nxd7 36. Nc3 Nf8 37. Nb5 Rc8 38. Nc7 Red8 39. Nxd5 Rxc1 40. Qxc1 Rxd5
41. Bc4 Qe6 42. b4 Nd7 43. Bb3 Kg7 44. Bxd5 Qxd5 45. Qc7 b5 46. a3 Kg6 47. Qc8
Nf6 48. Qc2 Qe6 0-1

[Event "N1 Reykjavik Open 2014"]
[Site "Reykjavik ISL"]
[Date "2014.03.05"]
[Round "2.6"]
[White "Constantinou, Peter"]
[Black "Kobalia, Mikhail"]
[Result "0-1"]
[WhiteTitle "FM"]
[BlackTitle "GM"]
[WhiteElo "2270"]
[BlackElo "2646"]
[WhiteFideId "413038"]
[BlackFideId "4119150"]
[EventDate "2014.03.04"]

1. d4 Nf6 2. Nf3 c5 3. c3 cxd4 4. cxd4 d5 5. Nc3 Nc6 6. Bf4 a6 7. Rc1 Bf5 8. e3
Qb6 9. Bd3 Bxd3 10. Qxd3 e6 11. O-O Nd7 12. e4 Nb4 13. Qe2 dxe4 14. Nxe4 Be7 15.
Bc7 Qb5 16. Qxb5 axb5 17. a3 Nd5 18. Ne5 f6 19. Nd3 Rc8 20. Nd6+ Bxd6 21. Bxd6
Kf7 22. Nc5 Nxc5 23. dxc5 e5 24. Rcd1 Ke6 25. Rd2 Rhd8 26. Rfd1 Ne7 27. f3 Nf5
28. g4 Ne3 29. Re1 Nc4 30. Rde2 Nxd6 31. cxd6 Rxd6 32. Kf2 Rd4 33. h3 g5 34. Rh1
h5 35. Rhe1 h4 36. Ra1 Rd3 37. Rae1 Rc4 38. Re3 Rdd4 39. R1e2 b4 40. Rb3 Kd5 41.
Ke3 Kc5 42. axb4+ Kb5 43. Rd2 Rxd2 44. Kxd2 Rd4+ 45. Ke3 Kc4 46. Rc3+ Kxb4 47.
Rd3 Rxd3+ 48. Kxd3 Kb3 49. Ke4 Kxb2 50. Kf5 b5 51. Kxf6 b4 52. Kxg5 b3 53. Kh6
Kc3 54. g5 b2 55. g6 b1=Q 56. g7 Qb3 57. Kh7 Qf7 0-1

[Event "N1 Reykjavik Open 2014"]
[Site "Reykjavik ISL"]
[Date "2014.03.05"]
[Round "2.7"]
[White "L'Ami, Erwin"]
[Black "Grant, Jonathan I M"]
[Result "1-0"]
[WhiteTitle "GM"]
[WhiteElo "2646"]
[BlackElo "2255"]
[WhiteFideId "1007998"]
[BlackFideId "2400294"]
[EventDate "2014.03.04"]

1. d4 Nf6 2. c4 e6 3. Nf3 Bb4+ 4. Nbd2 b6 5. a3 Bxd2+ 6. Qxd2 Bb7 7. g3 d5 8. b3
dxc4 9. bxc4 c5 10. dxc5 Qxd2+ 11. Bxd2 bxc5 12. Bg2 Nbd7 13. O-O O-O 14. Rfc1
Rac8 15. Be1 Rb8 16. Bf1 Rfd8 17. Ba5 Rdc8 18. Ne1 Ne5 19. Rab1 Ba6 20. Rxb8
Rxb8 21. Bc7 Nfd7 22. Bxb8 Nxb8 23. e3 g5 24. f4 gxf4 25. gxf4 Nec6 26. Kf2 Kf8
27. Bd3 h6 28. Nf3 Nd7 29. Nd2 Na5 30. Kg3 e5 31. Bf5 exf4+ 32. Kxf4 Nb6 33. Bd3
Kg7 34. Ke5 Bc8 35. Kd6 Na4 36. Rg1+ Kf8 37. Bh7 Nb7+ 38. Kc7 Nb6 39. Rg8+ Ke7
40. Rxc8 Nxc8 41. Kxb7 Nb6 42. Kxa7 1-0

[Event "N1 Reykjavik Open 2014"]
[Site "Reykjavik ISL"]
[Date "2014.03.05"]
[Round "2.8"]
[White "Kvisvik, Brede"]
[Black "Gajewski, Grzegorz"]
[Result "1-0"]
[WhiteTitle "FM"]
[BlackTitle "GM"]
[WhiteElo "2257"]
[BlackElo "2629"]
[WhiteFideId "1502999"]
[BlackFideId "1116207"]
[EventDate "2014.03.04"]

1. d4 Nf6 2. c4 e6 3. g3 Bb4+ 4. Nd2 O-O 5. Nf3 b6 6. Bg2 Bb7 7. O-O d5 8. Ne5
Nbd7 9. Qa4 Bxd2 10. Bxd2 Nxe5 11. dxe5 Nd7 12. f4 Nc5 13. Qc2 dxc4 14. Bxb7
Nxb7 15. Be3 Qd5 16. Rfd1 Qb5 17. Rd4 Na5 18. Rad1 c5 19. Re4 Rad8 20. Rf1 Qd7
21. g4 Qd5 22. Bf2 b5 23. Re3 Nc6 24. Rh3 g6 25. Qc1 Nd4 26. Qe3 Rd7 27. Bh4 f5
28. exf6 b4 29. Qf2 Qe4 30. e3 Nc2 31. Bg5 c3 32. bxc3 bxc3 33. Rc1 Rd2 34. Qf3
Qxf3 35. Rxf3 Rb8 36. f5 gxf5 37. gxf5 e5 38. Rg3 Kf7 39. Rh3 Rh8 40. e4 Nd4 41.
Bxd2 cxd2 42. Rd1 h5 43. Rxd2 Kxf6 44. Rg2 Rb8 45. Rg6+ Kf7 46. Rxh5 Rb2 47.
Rh7+ Kf8 48. f6 Rd2 49. Rgg7 1-0

[Event "N1 Reykjavik Open 2014"]
[Site "Reykjavik ISL"]
[Date "2014.03.05"]
[Round "2.9"]
[White "Rozentalis, Eduardas"]
[Black "Zeier, Klaus"]
[Result "1-0"]
[WhiteTitle "GM"]
[WhiteElo "2623"]
[BlackElo "2253"]
[WhiteFideId "12800023"]
[BlackFideId "4696050"]
[EventDate "2014.03.04"]

1. e4 e5 2. Nf3 Nc6 3. Bb5 a6 4. Bxc6 dxc6 5. Nc3 f6 6. d4 exd4 7. Nxd4 c5 8.
Nde2 Qxd1+ 9. Nxd1 Bd7 10. Bf4 O-O-O 11. Ne3 Be6 12. Rd1 Rxd1+ 13. Kxd1 Ne7 14.
Bg3 g6 15. c4 f5 16. Be5 Rg8 17. Nf4 Bf7 18. exf5 gxf5 19. Re1 Ng6 20. Nxg6 hxg6
21. Kc2 Bh6 22. f4 Re8 23. h4 Bf8 24. b3 b6 25. Kc3 Be6 26. Rh1 Be7 27. h5 gxh5
28. Rxh5 Rf8 29. Rh6 Bd7 30. Rg6 Bd8 31. Nd5 Be8 32. Rg7 Bd7 33. a4 c6 34. Ne3
Re8 35. Kd3 Rf8 36. Ke2 Bh4 37. g3 Bd8 38. Kf3 b5 39. Bd6 Rf6 40. Bxc5 Bc7 41.
Rh7 Be6 42. Bd4 Rf8 43. Be5 Rf7 44. Rxf7 Bxf7 45. Bxc7 Kxc7 46. Nxf5 bxa4 47.
bxa4 Bxc4 48. a5 c5 49. g4 Bd5+ 50. Ke3 Kd7 51. Ng3 1-0

[Event "N1 Reykjavik Open 2014"]
[Site "Reykjavik ISL"]
[Date "2014.03.05"]
[Round "2.10"]
[White "Olafsson, Thorvardur"]
[Black "Van Kampen, Robin"]
[Result "0-1"]
[BlackTitle "GM"]
[WhiteElo "2254"]
[BlackElo "2603"]
[WhiteFideId "2301148"]
[BlackFideId "1020854"]
[EventDate "2014.03.04"]

1. e4 c5 2. Nf3 d6 3. d4 cxd4 4. Nxd4 Nf6 5. Nc3 a6 6. Be3 e5 7. Nb3 Be6 8. f3
h5 9. a4 Nbd7 10. Be2 Be7 11. O-O Qc7 12. Qd2 O-O 13. f4 Nb6 14. f5 Nc4 15. Bxc4
Bxc4 16. Rf3 b5 17. Bg5 b4 18. Nd5 Bxd5 19. Bxf6 Bxf6 20. exd5 Qc4 21. Qd3 Rac8
22. Qxc4 Rxc4 23. c3 e4 24. Nd2 bxc3 25. bxc3 Rd4 26. cxd4 Bxd4+ 27. Kf1 exf3
28. Rb1 fxg2+ 29. Kxg2 Re8 30. Kf1 Re5 0-1

[Event "N1 Reykjavik Open 2014"]
[Site "Reykjavik ISL"]
[Date "2014.03.05"]
[Round "2.11"]
[White "Grandelius, Nils"]
[Black "Kernazhitsky, Leonid"]
[Result "1-0"]
[WhiteTitle "GM"]
[BlackTitle "IM"]
[WhiteElo "2600"]
[BlackElo "2249"]
[WhiteFideId "1710400"]
[BlackFideId "14102102"]
[EventDate "2014.03.04"]

1. Nf3 d5 2. c4 c6 3. e3 Nf6 4. Nc3 e6 5. b3 Nbd7 6. Bb2 Bd6 7. Qc2 a6 8. d4 b6
9. Bd3 Bb7 10. O-O O-O 11. Rad1 h6 12. e4 dxe4 13. Nxe4 Nxe4 14. Bxe4 Qc7 15. c5
Be7 16. cxb6 Qxb6 17. Nd2 Nf6 18. Bf3 Nd5 19. Ne4 Nb4 20. Qb1 a5 21. Nc5 Rfd8
22. Na4 Qa7 23. Rfe1 Rac8 24. h3 Bf6 25. Nc5 Be7 26. a3 Nd5 27. Qc2 Ba6 28. Bg4
Rb8 29. Ba1 Qb6 30. Nxe6 Re8 31. Nc5 Bxc5 32. dxc5 Qb5 33. Bf3 Rxe1+ 34. Rxe1
Qd3 35. Qb2 f6 36. Rd1 Qb5 37. Qc2 Nf4 38. Qe4 Nd3 39. Bxf6 Qxc5 40. Bd4 Qd6 41.
Rxd3 1-0

[Event "N1 Reykjavik Open 2014"]
[Site "Reykjavik ISL"]
[Date "2014.03.05"]
[Round "2.12"]
[White "Langer, Michael"]
[Black "Olafsson, Helgi"]
[Result "1/2-1/2"]
[WhiteTitle "FM"]
[BlackTitle "GM"]
[WhiteElo "2248"]
[BlackElo "2546"]
[WhiteFideId "2015064"]
[BlackFideId "2300010"]
[EventDate "2014.03.04"]

1. e4 c6 2. d4 d5 3. exd5 cxd5 4. c4 Nf6 5. Nc3 e6 6. Nf3 Bb4 7. cxd5 Nxd5 8.
Qc2 Nc6 9. Bd3 Ba5 10. a3 h6 11. O-O O-O 12. Be3 Nxe3 13. fxe3 Bd7 14. Ne4 Rc8
15. Qe2 Bb6 16. Nd6 Rb8 17. Rac1 Qe7 18. Nc4 Bc7 19. Bb1 Rbd8 20. Qc2 g6 21. Kh1
Bc8 22. b4 a6 23. Qc3 Bd7 24. e4 Bf4 25. Rce1 b5 26. Nb2 Rc8 1/2-1/2

[Event "N1 Reykjavik Open 2014"]
[Site "Reykjavik ISL"]
[Date "2014.03.05"]
[Round "2.13"]
[White "Wunnink, Michael"]
[Black "Ramirez, Alejandro"]
[Result "0-1"]
[BlackTitle "GM"]
[WhiteElo "2251"]
[BlackElo "2599"]
[WhiteFideId "1005448"]
[BlackFideId "6500617"]
[EventDate "2014.03.04"]

1. d4 Nf6 2. c4 c5 3. d5 b5 4. cxb5 a6 5. bxa6 g6 6. Nc3 Bxa6 7. e4 Bxf1 8. Kxf1
d6 9. Nf3 Bg7 10. g3 O-O 11. Kg2 Nbd7 12. a4 Ra6 13. Qc2 Qa8 14. Ra3 e6 15. dxe6
fxe6 16. Re1 d5 17. exd5 exd5 18. Nb5 Qc6 19. Ng5 Re8 20. Rxe8+ Nxe8 21. Bf4 h6
22. Nf3 g5 23. Qe2 Ndf6 24. Be5 Qe6 25. Nbd4 cxd4 26. Nxd4 Qc8 27. Rc3 Qa8 28.
Qc2 Qb7 0-1

[Event "N1 Reykjavik Open 2014"]
[Site "Reykjavik ISL"]
[Date "2014.03.05"]
[Round "2.15"]
[White "Ptacnikova, Lenka"]
[Black "Molner, Mackenzie"]
[Result "1/2-1/2"]
[WhiteTitle "WGM"]
[BlackTitle "GM"]
[WhiteElo "2239"]
[BlackElo "2528"]
[WhiteFideId "305650"]
[BlackFideId "2021722"]
[EventDate "2014.03.04"]

1. c4 g6 2. g3 c5 3. Bg2 Bg7 4. Nc3 Nc6 5. Nf3 d6 6. O-O Bf5 7. d3 Qd7 8. Nd5
Rc8 9. Rb1 Nf6 10. Nxf6+ exf6 11. a3 O-O 12. b4 Rfe8 13. Be3 b6 14. b5 Ne7 15.
Bd2 Bg4 16. e4 f5 17. h3 Bh5 18. Kh2 fxe4 19. dxe4 f5 20. exf5 gxf5 21. Bg5 h6
22. Bf4 Bf7 23. Qc1 Qe6 24. Re1 Qxc4 25. Bxd6 Qxc1 26. Rbxc1 Ng6 27. h4 Bb2 28.
h5 Nf8 29. Rb1 Rxe1 30. Rxe1 Bxa3 31. Nh4 Re8 32. Ra1 Bb2 33. Rxa7 Ne6 1/2-1/2

[Event "N1 Reykjavik Open 2014"]
[Site "Reykjavik ISL"]
[Date "2014.03.05"]
[Round "2.16"]
[White "Gretarsson, Hjorvar Steinn"]
[Black "Liang, Awonder"]
[Result "1-0"]
[WhiteTitle "GM"]
[BlackTitle "FM"]
[WhiteElo "2511"]
[BlackElo "2237"]
[WhiteFideId "2302241"]
[BlackFideId "2056437"]
[EventDate "2014.03.04"]

1. d4 Nf6 2. c4 g6 3. Nc3 Bg7 4. e4 d6 5. f3 O-O 6. Nge2 c5 7. d5 e6 8. Ng3 exd5
9. cxd5 a6 10. a4 h5 11. Be2 h4 12. Nf1 Nh7 13. Be3 f5 14. Nd2 Nd7 15. exf5 gxf5
16. O-O Ne5 17. Kh1 Bd7 18. f4 Nf7 19. Bf2 h3 20. gxh3 b5 21. Qc2 b4 22. Nd1 Qf6
23. Nc4 Rab8 24. Nde3 b3 25. Qd3 Rfe8 26. Be1 Qh6 27. Bc3 Nf6 28. Rg1 Re4 29.
Rg3 Kh7 30. Rag1 Bh8 31. Bf3 Rxf4 32. Rg6 Qxh3 33. R1g3 Qh4 34. Ng2 Rxf3 35.
Qxf3 Qxc4 36. Rxf6 1-0

[Event "N1 Reykjavik Open 2014"]
[Site "Reykjavik ISL"]
[Date "2014.03.05"]
[Round "2.17"]
[White "Steindorsson, Sigurdur P."]
[Black "Pavlovic, Milos"]
[Result "1/2-1/2"]
[BlackTitle "GM"]
[WhiteElo "2215"]
[BlackElo "2506"]
[WhiteFideId "2301229"]
[BlackFideId "900389"]
[EventDate "2014.03.04"]

1. c4 g6 2. Nc3 Bg7 3. g3 c5 4. Bg2 Nc6 5. Nf3 b6 6. O-O Bb7 7. e3 Bxc3 8. bxc3
Na5 9. d3 f5 10. e4 fxe4 11. Ng5 Nf6 12. Re1 O-O 13. Nxe4 Nxe4 14. Bxe4 Bxe4 15.
Rxe4 e6 16. Bf4 Qe7 17. Qe2 Nb7 1/2-1/2

[Event "N1 Reykjavik Open 2014"]
[Site "Reykjavik ISL"]
[Date "2014.03.05"]
[Round "2.18"]
[White "Kristjansson, Stefan"]
[Black "Teh, Eu Wen Aron"]
[Result "1/2-1/2"]
[WhiteTitle "GM"]
[WhiteElo "2503"]
[BlackElo "2237"]
[WhiteFideId "2301172"]
[BlackFideId "5704723"]
[EventDate "2014.03.04"]

1. e4 e5 2. Nf3 Nc6 3. Bc4 Bc5 4. c3 Nf6 5. d3 a6 6. Bb3 Ba7 7. O-O O-O 8. Qe2
d6 9. Be3 Be6 10. Bc2 h6 11. Nbd2 Re8 12. Bxa7 Rxa7 13. d4 exd4 14. Nxd4 Bd7 15.
Nxc6 Bxc6 16. Rfe1 Ra8 17. Qd3 Qb8 18. h3 Qa7 19. Re3 Qc5 20. Rae1 Qb5 21. Qxb5
Bxb5 22. Nf3 Bd7 23. Nd4 Re7 24. e5 Rxe5 25. Rxe5 dxe5 26. Rxe5 Re8 27. Rxe8+ 1/2-1/2

[Event "N1 Reykjavik Open 2014"]
[Site "Reykjavik ISL"]
[Date "2014.03.05"]
[Round "2.19"]
[White "Zoldan, Matteo"]
[Black "Danielsen, Henrik"]
[Result "0-1"]
[WhiteTitle "CM"]
[BlackTitle "GM"]
[WhiteElo "2209"]
[BlackElo "2501"]
[WhiteFideId "805319"]
[BlackFideId "1400185"]
[EventDate "2014.03.04"]

1. c4 d6 2. Nc3 g6 3. d4 Bg7 4. e4 e5 5. Nge2 Nc6 6. d5 Nce7 7. Be3 f5 8. f3 Bh6
9. Qd2 Bxe3 10. Qxe3 Nf6 11. Nc1 O-O 12. Nd3 c6 13. Be2 cxd5 14. cxd5 Bd7 15.
O-O-O a5 16. Kb1 b5 17. Rc1 Qb8 18. Nd1 b4 19. N1f2 Qb7 20. Rhd1 Rac8 21. g3 Bb5
22. Ne1 Ba4 23. Rxc8 Rxc8 24. Rc1 Rxc1+ 25. Kxc1 Qc7+ 26. Kd2 Kg7 27. Bd1 Bd7
28. Ned3 fxe4 29. fxe4 Nc8 30. Be2 Nb6 31. Ne1 Na4 32. Ned3 Bb5 33. Nd1 Bc4 34.
Nc1 Bxe2 35. Qxe2 Nc5 36. Nf2 Qb6 37. Ncd3 Nxd3 38. Kxd3 b3 39. axb3 Qxb3+ 40.
Kd2 Qxb2+ 41. Ke3 Qb6+ 42. Kf3 a4 43. Qd3 Nd7 44. Ng4 Qb3 0-1

[Event "N1 Reykjavik Open 2014"]
[Site "Reykjavik ISL"]
[Date "2014.03.05"]
[Round "2.20"]
[White "Idani, Pouya"]
[Black "Dolzhikova, Olga"]
[Result "1-0"]
[WhiteTitle "IM"]
[BlackTitle "WGM"]
[WhiteElo "2496"]
[BlackElo "2212"]
[WhiteFideId "12510130"]
[BlackFideId "14105870"]
[EventDate "2014.03.04"]

1. Nf3 b6 2. g3 Bb7 3. Bg2 g6 4. O-O Bg7 5. c4 e6 6. Nc3 Ne7 7. d4 O-O 8. e4 d6
9. Be3 h6 10. Qd2 Kh7 11. Rad1 Nd7 12. Rfe1 Nf6 13. Qc2 Rc8 14. e5 Nd7 15. Ng5+
hxg5 16. Bxb7 Rb8 17. Bxg5 dxe5 18. dxe5 Qe8 19. Bg2 Nxe5 20. Nb5 Nd5 21. Nxa7
Nb4 22. Qb3 Na6 23. Bf4 Nc5 24. Qc2 Ncd7 25. Nc6 1-0

[Event "N1 Reykjavik Open 2014"]
[Site "Reykjavik ISL"]
[Date "2014.03.05"]
[Round "2.21"]
[White "Kazmaier, Daniel"]
[Black "Urkedal, Frode"]
[Result "1/2-1/2"]
[BlackTitle "IM"]
[WhiteElo "2187"]
[BlackElo "2495"]
[WhiteFideId "2606089"]
[BlackFideId "1506102"]
[EventDate "2014.03.04"]

1. d4 Nf6 2. c4 e6 3. Nf3 b6 4. g3 Ba6 5. Qa4 Bb7 6. Bg2 c5 7. O-O cxd4 8. Nxd4
Bxg2 9. Kxg2 Qc8 10. Nc3 Be7 11. e4 Qb7 12. f3 O-O 13. Rd1 a6 14. Be3 Rc8 15.
Rac1 d6 16. Nb3 Nc6 17. Bf4 Ne5 18. Bxe5 dxe5 19. Nd2 h5 20. a3 Rc7 21. b4 h4
22. Ne2 Rd8 23. Nf1 Rdc8 24. Ne3 Ne8 25. Ng4 Nd6 26. Nxe5 Nxe4 27. b5 h3+ 28.
Kf1 axb5 29. cxb5 Rxc1 30. Rxc1 Nd2+ 31. Kf2 Rxc1 32. Nxc1 Qd5 33. Qf4 f6 34.
Ned3 Nb3 35. Nxb3 Qxd3 36. Qe3 Qc2+ 37. Ke1 e5 38. Nd2 Qc1+ 39. Ke2 Bc5 40. Qb3+
Kf8 41. Qe6 Qxa3 42. Qc8+ Kf7 43. Qd7+ Be7 44. Qxh3 Qc5 45. Qh5+ g6 46. Qh7+ Ke6
47. Qg8+ Kd7 48. Qxg6 Qxb5+ 49. Kd1 Qa4+ 50. Ke2 b5 51. h4 b4 52. Qd3+ Kc6 53.
Qc4+ Kd7 54. Qd5+ Ke8 55. h5 Qa6+ 56. Ke3 Kf8 57. g4 Qd6 58. Ke4 Qxd5+ 59. Kxd5
Kf7 60. Nb3 Bf8 61. Nc1 Bh6 62. Nd3 Bd2 63. Kc4 f5 64. Nxe5+ Kf6 65. Kd3 Bc3 66.
Nc4 fxg4 67. fxg4 Kg5 68. Ne3 Bh8 1/2-1/2

[Event "N1 Reykjavik Open 2014"]
[Site "Reykjavik ISL"]
[Date "2014.03.05"]
[Round "2.22"]
[White "Colovic, Aleksandar"]
[Black "Christiansen, Johan-Sebastian"]
[Result "1-0"]
[WhiteTitle "GM"]
[WhiteElo "2493"]
[BlackElo "2209"]
[WhiteFideId "15000729"]
[BlackFideId "1512668"]
[EventDate "2014.03.04"]

1. e4 c5 2. Nf3 d6 3. Bb5+ Nd7 4. O-O Nf6 5. Re1 a6 6. Bd3 b5 7. c4 Rb8 8. Nc3
b4 9. Nd5 e6 10. Nxf6+ Nxf6 11. Bc2 e5 12. Ba4+ Nd7 13. a3 a5 14. axb4 axb4 15.
Bc6 Qc7 16. Bd5 Nb6 17. d3 Bg4 18. h3 Bxf3 19. Qxf3 Nxd5 20. cxd5 Be7 21. Be3
O-O 22. Ra4 Ra8 23. Rea1 Qb7 24. Qd1 Rfc8 25. R1a2 h6 26. Qa1 Rxa4 27. Rxa4 Qb5
28. Ra7 Bf8 29. Qa6 Qxa6 30. Rxa6 Be7 31. Kf1 Kf8 32. Ke2 Ke8 33. Kd2 Kd7 34.
Kc2 Rc7 35. Kb3 Bd8 36. f4 f6 37. f5 Be7 38. g4 Bd8 39. h4 Be7 40. Kc4 Bd8 41.
Ra1 Be7 42. g5 hxg5 43. hxg5 Rc8 44. Rh1 Rg8 45. g6 Ra8 46. Rh7 Rg8 47. Kb5 Kc7
48. Bh6 Bf8 49. Ka6 Kc8 50. Bd2 Kc7 51. Be3 Be7 52. Bh6 Bf8 53. b3 Kc8 54. Bxg7
Bxg7 55. Kb6 Kd7 56. Kb7 Ke8 57. Kc6 Bf8 58. Ra7 Rh8 59. g7 Bxg7 60. Rxg7 Rh3
61. Kxd6 Rxd3 62. Ke6 Kf8 63. Rb7 Rxb3 64. d6 Ra3 65. Rb8+ Kg7 66. d7 Rd3 67.
d8=Q Rxd8 68. Rxd8 c4 69. Rb8 b3 70. Kd5 1-0

[Event "N1 Reykjavik Open 2014"]
[Site "Reykjavik ISL"]
[Date "2014.03.05"]
[Round "2.23"]
[White "Harika, Dronavalli"]
[Black "Teitsson, Magnus"]
[Result "1-0"]
[WhiteTitle "GM"]
[WhiteElo "2487"]
[BlackElo "2207"]
[WhiteFideId "5015197"]
[BlackFideId "2302152"]
[EventDate "2014.03.04"]

1. g3 d5 2. Nf3 Nf6 3. Bg2 c6 4. O-O Nbd7 5. d4 g6 6. b3 Bg7 7. c4 Ne4 8. Bb2
O-O 9. Nfd2 f5 10. e3 Qa5 11. a3 e6 12. Qc2 Ndf6 13. f3 Nxd2 14. Nxd2 Bd7 15. b4
Qd8 16. Bc3 Rc8 17. a4 Bh6 18. Qd3 Qe8 19. Rae1 Kh8 20. a5 Bg7 21. Rb1 b6 22. e4
fxe4 23. fxe4 bxa5 24. bxa5 Rb8 25. Qe2 Rxb1 26. Rxb1 Qc8 27. Bb4 Nxe4 28. Nxe4
Bxd4+ 29. Kh1 c5 30. Bxc5 Bxc5 31. Nxc5 Qxc5 32. cxd5 Qxa5 33. dxe6 Be8 34. h3
Qc7 35. Rb7 Qc1+ 36. Kh2 Kg8 37. Rxa7 Qc3 38. Ra8 Qd4 39. e7 Rf2 40. Rxe8+ 1-0

[Event "N1 Reykjavik Open 2014"]
[Site "Reykjavik ISL"]
[Date "2014.03.05"]
[Round "2.24"]
[White "Halldorsson, Jon Arni"]
[Black "Elsness, Frode"]
[Result "1/2-1/2"]
[BlackTitle "IM"]
[WhiteElo "2185"]
[BlackElo "2479"]
[WhiteFideId "2301075"]
[BlackFideId "1501100"]
[EventDate "2014.03.04"]

1. d4 Nf6 2. Nf3 e6 3. c4 b6 4. g3 Bb7 5. Bg2 c5 6. d5 exd5 7. Nh4 g6 8. Nc3 Bg7
9. O-O d6 10. Nxd5 Nxd5 11. Bxd5 Nc6 12. Rb1 O-O 13. b3 Qc7 14. Bb2 Rad8 15.
Bxg7 Kxg7 16. Nf3 Nb4 17. Qd2 Nxd5 18. cxd5 Rfe8 19. Rfe1 Qe7 20. Qc3+ Qf6 21.
Qxf6+ Kxf6 22. e4 Kg7 23. Nd2 f5 24. f3 fxe4 25. fxe4 b5 26. b4 cxb4 27. Rxb4
Bxd5 28. Rxb5 Ba8 29. Rc1 Rd7 30. Rb4 Rde7 31. Rd4 Bxe4 32. Nxe4 Rxe4 33. Rxd6
R8e7 34. Ra6 Re2 35. Rf1 R2e6 36. Ra5 Rb7 37. Rf2 h5 38. h4 a6 39. Kg2 Rc7 40.
g4 Rc4 41. gxh5 Rxh4 42. hxg6 Kxg6 43. Kg3 Rc4 1/2-1/2

[Event "N1 Reykjavik Open 2014"]
[Site "Reykjavik ISL"]
[Date "2014.03.05"]
[Round "2.25"]
[White "Shoker, Samy"]
[Black "Rydstrom, Tom"]
[Result "1-0"]
[WhiteTitle "IM"]
[WhiteElo "2466"]
[BlackElo "2198"]
[WhiteFideId "627143"]
[BlackFideId "1714830"]
[EventDate "2014.03.04"]

1. c4 e5 2. g3 Nf6 3. Bg2 d5 4. cxd5 Nxd5 5. Nc3 Nb6 6. e3 Nc6 7. Nge2 Be7 8.
O-O O-O 9. f4 f6 10. f5 Bd7 11. d4 exd4 12. exd4 Be8 13. d5 Ne5 14. Nf4 Bf7 15.
Be3 Nbc4 16. Bf2 Qd7 17. b3 Nb6 18. Ne6 Bxe6 19. dxe6 Qxd1 20. Rfxd1 c6 21. a4
Nc8 22. Ne4 Nb6 23. Nc5 Bxc5 24. Bxc5 Rfe8 25. a5 Nc8 26. a6 bxa6 27. Rxa6 Nb6
28. Rda1 Nd5 29. Rxa7 Rxa7 30. Rxa7 g6 31. Be4 gxf5 32. Bxf5 Nf3+ 33. Kg2 Ng5
34. e7 1-0

[Event "N1 Reykjavik Open 2014"]
[Site "Reykjavik ISL"]
[Date "2014.03.05"]
[Round "2.27"]
[White "Van Weersel, Arlette"]
[Black "Hamitevici, Vladimir"]
[Result "0-1"]
[WhiteTitle "WIM"]
[BlackTitle "IM"]
[WhiteElo "2176"]
[BlackElo "2456"]
[WhiteFideId "1009877"]
[BlackFideId "13902393"]
[EventDate "2014.03.04"]

1. e4 g6 2. d4 Bg7 3. Nc3 d6 4. Be3 a6 5. a4 Nc6 6. h3 e5 7. Nf3 exd4 8. Nxd4
Nge7 9. Bc4 O-O 10. O-O Nb4 11. Nf3 Be6 12. Bxe6 fxe6 13. Ne2 Qd7 14. c3 Nbc6
15. Qb3 h6 16. Nf4 Nd8 17. Rad1 Kh7 18. Nd2 b5 19. axb5 axb5 20. Ra1 Rb8 21.
Rfd1 Nec6 22. Qc2 Ne5 23. Nb3 Qf7 24. Nd3 Nc4 25. Bf4 g5 26. Bg3 Qg6 27. Qe2 e5
28. Nb4 Ne6 29. Ra7 Rf7 30. Nc6 Rb6 31. Nca5 h5 32. Nxc4 bxc4 33. Qxc4 h4 34.
Bh2 g4 35. Rd3 Qf6 36. Rd2 Bh6 37. Rc2 g3 38. f3 Rxb3 39. Ra8 gxh2+ 40. Kh1 Rb6 0-1